Online Catalogue and eLibrary

Dashakayaka cinemava (Record no. 1201)

MARC details
000 -LEADER
fixed length control field 00391nam a2200157Ia 4500
005 - DATE AND TIME OF LATEST TRANSACTION
control field 20250528012610.0
008 - FIXED-LENGTH DATA ELEMENTS--GENERAL INFORMATION
fixed length control field 240331s9999 xx 000 0 und d
020 ## - INTERNATIONAL STANDARD BOOK NUMBER
ISBN 9559570706
082 ## - DDC Classification
Class No. 302.2
Item Number - Author Mark WER
100 ## - MAIN ENTRY--PERSONAL NAME
Personal name Wergama, G
245 #0 - TITLE STATEMENT
Title Dashakayaka cinemava
260 ## - PUBLICATION, DISTRIBUTION, ETC.
Place of publication, distribution, etc. Colombo
Name of publisher, distributor, etc. S. Godage & Brothers
Date of publication, distribution, etc. 1994
300 ## - PHYSICAL DESCRIPTION
Extent (e.g. Volumes, Pages etc.) 143 p .,
500 ## - GENERAL NOTE
General note A decade of cinema ( 1980)
942 ## - Koha item type (Biblio)
Koha item type Books in Stacks (Lending)
Holdings
Lost status Damaged status Collection code Home library Current library Shelving location Date acquired Full call number Accession Number Item type
    Lending WERC Library WERC Library Social Science Cupboard 03/31/2024 302.2 WER 3776 Books in Stacks (Lending)

© WERC Library